[Event "XLII Abierto Internacional Ciudad de Se"]
[Site "Sevilla (SPAIN)"]
[Date "2017.01.18"]
[Round "6.2"]
[White "Ulybin, Mikhail"]
[Black "Burmakin, Vladimir"]
[Result "1/2-1/2"]
[WhiteElo "2483"]
[BlackElo "2526"]
[PlyCount "116"]
[EventDate "2017.01.13"]

1. e4 c6 2. Ne2 d5 3. e5 Bf5 4. Ng3 Bg6 5. h4 h5 6. d4 e6 7. Be2 c5 8. c3 Nc6
9. Bb5 (9. Nxh5 $142 Bxh5 10. Bxh5 cxd4 11. cxd4 Qb6 $11) 9... Qb6 10. Bxc6+
bxc6 11. dxc5 Bxc5 12. Qe2 Qb5 13. Qxb5 cxb5 14. Nd2 Ne7 15. Nb3 Bb6 16. Nd4 b4
17. Bd2 Bd3 18. Nge2 bxc3 19. Bxc3 Ng6 20. Nf3 Be4 21. Rh3 Rc8 22. Rd1 (22.
Ned4 O-O 23. Rd1 Rc4 $17) 22... Bxf3 23. Rxf3 Nxh4 24. Rh3 Ng6 25. g3 Kd7 26.
f3 Ne7 27. Kd2 g6 28. Kd3 Nc6 29. Rh4 Rhd8 30. Ra4 Ke8 31. f4 Ne7 32. Bd4 Nf5
33. Bxb6 axb6 34. Rb4 Rc6 35. Rg1 Kd7 36. Nc3 Rh8 37. Ne2 Kc7 38. Rh1 Ra8 39.
a3 Kb7 40. Rg1 Rac8 41. Nc3 Rc4 42. Rxc4 Rxc4 43. b3 Rd4+ 44. Ke2 Kc6 45. Rc1
Kd7 46. Nb5 Nxg3+ 47. Kf2 Rd3 48. Rc7+ Ke8 49. Nd6+ Kd8 50. Rxf7 Ne4+ 51. Nxe4
dxe4 52. Rf6 Kd7 53. Rxg6 Rxb3 54. Rg7+ Kc6 55. Re7 Rf3+ 56. Ke2 Rxf4 57. Rxe6+
Kd5 58. Rxb6 Kxe5 {Diagrama [#]} 1/2-1/2

[Event "XLII Abierto Internacional Ciudad de Se"]
[Site "Sevilla (SPAIN)"]
[Date "2017.01.18"]
[Round "6.3"]
[White "Basso, Pier Luigi"]
[Black "Lemos, Damian"]
[Result "1/2-1/2"]
[WhiteElo "2448"]
[BlackElo "2516"]
[PlyCount "24"]
[EventDate "2017.01.13"]

1. e4 e5 2. Nf3 Nc6 3. Bc4 Bc5 4. d3 Nf6 5. Nc3 h6 6. a3 d6 7. h3 a6 8. Be3
Bxe3 9. fxe3 Be6 10. Bxe6 fxe6 11. O-O O-O 12. Qe1 Qe8 {Diagrama [#]} 1/2-1/2

[Event "XLII Abierto Internacional Ciudad de Se"]
[Site "Sevilla (SPAIN)"]
[Date "2017.01.18"]
[Round "6.4"]
[White "Karthikeyan, P."]
[Black "Perez Mitjans, Orelvis"]
[Result "1-0"]
[WhiteElo "2488"]
[BlackElo "2427"]
[PlyCount "53"]
[EventDate "2017.01.13"]

1. Nf3 c5 2. c4 Nf6 3. Nc3 g6 4. d4 cxd4 5. Nxd4 Bg7 6. e4 d6 7. Be2 O-O 8. Be3
Nc6 9. O-O Bd7 10. Qd2 Nxd4 11. Bxd4 Bc6 12. f3 Nd7 13. Be3 a5 14. b3 Nc5 15.
Rab1 Be5 16. Rfc1 e6 17. Bg5 f6 18. Be3 Qe7 19. Bf1 f5 20. Bg5 Qc7 21. exf5
Rxf5 {Diagrama [#]} 22. Ne2 $6 (22. Rc2 $142 d5 23. cxd5 Bxh2+ 24. Kh1 Bxd5 25.
Nxd5 Rxd5 26. Qe3 $11) 22... Raf8 $6 (22... Be4 $1 23. fxe4 Nxe4 24. Qe3 d5 25.
g3 Nxg5 26. cxd5 Qd8 $15) 23. Ng3 Bxg3 (23... Rxg5 24. Qxg5 Bf4 25. Qg4 Be3+
26. Kh1 Rf4 27. Qh3 g5 28. Re1 Rh4 29. Rxe3 Rxh3 $15) 24. hxg3 Bxf3 25. Bf4 $6
(25. gxf3 Rxf3 26. Re1 Rxg3+ 27. Bg2 Rf5 $14) 25... Ne4 26. Qd4 Nxg3 27. Qxd6 (
27. Bxg3 e5 28. Qe3 Be4 29. Qxe4 Qc5+ 30. Kh1 Rh5+ 31. Bh2 Rf4 32. Qd5+ Qxd5
33. cxd5 Rfh4 34. Kg1 Rxh2 35. Be2 R5h4 $18) 1-0

[Event "XLII Abierto Internacional Ciudad de Se"]
[Site "Sevilla (SPAIN)"]
[Date "2017.01.18"]
[Round "6.5"]
[White "Deepan, Chakkravarthy J"]
[Black "Montero Melendez, Rafael"]
[Result "1/2-1/2"]
[WhiteElo "2485"]
[BlackElo "2304"]
[PlyCount "80"]
[EventDate "2017.01.13"]

1. d4 d5 2. Bf4 Nf6 3. e3 c5 4. c3 Qb6 5. Qb3 Nc6 6. Nd2 Bf5 7. dxc5 Qxb3 8.
axb3 e5 9. Bg3 Bxc5 10. b4 Bd6 11. Ngf3 Nh5 12. b5 Nxg3 13. hxg3 Ne7 14. e4
Bxe4 15. Nxe4 dxe4 16. Ng5 e3 17. fxe3 Nf5 18. Bd3 Nxe3 19. Be4 Ke7 20. Ke2 Bc5
21. Bxb7 Rab8 22. Bc6 h6 23. Ne4 Bb6 24. Ra6 f5 25. Nd2 Ng4 26. b4 Rhd8 27. c4
Bf2 28. c5 $16 e4 29. Rxa7+ Kf6 30. Bd7 Ke5 $6 31. Nc4+ Kd4 32. Na5 Kc3 33. Nc6
Ra8 34. b6 {Mejor:} (34. Rc1+ Kb2 35. Rca1 Rxa7 36. Rxa7 Rf8 37. b6 $18) 34...
Rxd7 35. Rc1+ Kb2 36. Rxd7 Kxc1 37. Rd1+ $2 $13 {Si:} (37. Na5 Rf8 38. b7 f4
39. Nb3+ Kb2 40. Nd2 f3+ 41. gxf3 exf3+ 42. Nxf3 $18) 37... Kc2 38. b7 Ra3 39.
Rd2+ Kc1 40. Rd1+ {Si:} (40. b8=Q Re3+ 41. Kf1 Re1#) 40... Kc2 {Diagrama [#]}
1/2-1/2

[Event "XLII Abierto Internacional Ciudad de Se"]
[Site "Sevilla (SPAIN)"]
[Date "2017.01.18"]
[Round "6.6"]
[White "Parligras, Mircea"]
[Black "Komljenovic, Davorin"]
[Result "1-0"]
[WhiteElo "2605"]
[BlackElo "2383"]
[PlyCount "77"]
[EventDate "2017.01.13"]

1. d4 Nf6 2. c4 g6 3. Nc3 Bg7 4. e4 d6 5. Nf3 O-O 6. h3 e5 7. d5 a5 8. g4 Na6
9. Be3 Nc5 10. Nd2 Kh8 11. Be2 Nfd7 12. h4 {Diagrama [#]} f5 13. exf5 gxf5 14.
gxf5 Qf6 15. Nde4 Nxe4 16. Nxe4 Qxf5 17. Bd3 Qg6 18. Ng5 e4 19. Bxe4 Qe8 20.
Qc2 Qe5 21. O-O-O Nc5 22. Bxh7 a4 23. Kb1 a3 24. Bd4 Qf5 25. Bxg7+ Kxg7 26.
Rhg1 Kh6 27. Rde1 Qxc2+ 28. Bxc2 axb2 29. Re7 Bf5 30. Bxf5 Rxf5 31. Rh7+ Kg6
32. h5+ Kf6 33. Rf7+ Ke5 34. Re1+ Kf4 35. Nh3+ Kg4 36. Rg1+ Kxh3 37. Rxf5 Kh2
38. Rg7 Rh8 39. Kxb2 1-0

[Event "XLII Abierto Internacional Ciudad de Se"]
[Site "Sevilla (SPAIN)"]
[Date "2017.01.18"]
[Round "6.7"]
[White "Naranjo Moreno, Antonio"]
[Black "Santos Latasa, Jaime"]
[Result "0-1"]
[WhiteElo "2358"]
[BlackElo "2566"]
[PlyCount "34"]
[EventDate "2017.01.13"]

1. d4 Nf6 2. c4 g6 3. f3 Bg7 4. e4 O-O 5. Nc3 d6 6. Nge2 Nc6 7. Be3 a6 8. Ng3
Rb8 9. Rc1 h5 10. Be2 e5 11. d5 Nd4 12. Bxd4 exd4 13. Qxd4 h4 14. Nf1 Nh5 15.
Qf2 Be5 16. Rc2 c5 17. Ne3 Qg5 {Diagrama [#]} 0-1

[Event "XLII Abierto Internacional Ciudad de Se"]
[Site "Sevilla (SPAIN)"]
[Date "2017.01.18"]
[Round "6.8"]
[White "Melero Fidalgo, Juan De Dios"]
[Black "Kogan, Arthur"]
[Result "0-1"]
[WhiteElo "2340"]
[BlackElo "2530"]
[PlyCount "83"]
[EventDate "2017.01.13"]

1. e4 c5 2. Nc3 e6 3. f4 d5 4. Nf3 Nc6 5. Bb5 Nf6 6. d3 Be7 7. O-O O-O 8. e5
Nd7 9. Ne2 Qc7 10. c4 dxc4 11. dxc4 a6 12. Bxc6 Qxc6 13. Ng3 Rd8 14. Qe2 Nf8
15. b3 b5 16. Bb2 Ng6 17. Nh5 bxc4 18. bxc4 Rb8 19. Rf2 Bb7 20. Re1 Bc8 21. Qc2
Bh4 22. g3 Be7 23. Bc3 Bf8 24. h4 Qd7 25. Ba5 Qd3 26. Ng5 Qxc2 27. Rxc2 Rd3 28.
Kf2 Ne7 29. Re3 Rxe3 30. Kxe3 Nf5+ 31. Kd3 Rb7 32. Rd2 Rd7+ 33. Ke2 Nd4+ 34.
Ke3 Be7 35. Bc3 h6 36. Ne4 Nf5+ 37. Kf3 Rb7 38. a4 Rb1 39. g4 Nxh4+ 40. Kg3
Rg1+ 41. Kh2 Nf3+ 42. Kh3 {Diagrama [#] ilegible} 0-1

[Event "XLII Abierto Internacional Ciudad de Se"]
[Site "Sevilla (SPAIN)"]
[Date "2017.01.18"]
[Round "6.9"]
[White "Gleizerov, Evgeny"]
[Black "Gutierrez Olivares, Daniel"]
[Result "0-1"]
[WhiteElo "2518"]
[BlackElo "2313"]
[PlyCount "76"]
[EventDate "2017.01.13"]

1. d4 Nf6 2. c4 c5 3. d5 e6 4. Nc3 exd5 5. cxd5 d6 6. Nf3 g6 7. g3 Bg7 8. Bg2
O-O 9. O-O Re8 10. Re1 a6 11. a4 Ne4 12. Nxe4 Rxe4 13. Bg5 Qc7 14. Qc1 Nd7 15.
Bh6 Bh8 16. Ra2 Rb8 17. a5 b5 {Diagrama [#]} 18. Ng5 Ra4 19. Rxa4 bxa4 20. Qf4
Ne5 21. Qxa4 Bd7 22. Qh4 Qxa5 23. Rf1 Qd8 24. h3 f5 25. Ra1 Rb6 26. e4 Bf6 27.
exf5 Bxf5 28. Qf4 Nd3 29. Qh4 Bd4 30. Kh2 Bxf2 31. Rf1 Rb4 32. Be4 Bxe4 33. Bg7
h5 34. Bc3 Rc4 35. Rxf2 Nxf2 36. Qf4 Bxd5 37. Qd2 Nd3 38. h4 Qf8 0-1

[Event "XLII Abierto Internacional Ciudad de Se"]
[Site "Sevilla (SPAIN)"]
[Date "2017.01.18"]
[Round "6.10"]
[White "Piasetski, Leon"]
[Black "Petkov, Vladimir"]
[Result "0-1"]
[WhiteElo "2327"]
[BlackElo "2500"]
[PlyCount "73"]
[EventDate "2017.01.13"]

1. Nf3 d6 2. d4 Bg4 3. e4 Nf6 4. Nc3 c6 5. h3 Bh5 6. Qe2 e6 7. g4 Bg6 8. Bg2 d5
9. exd5 Nxd5 10. Nxd5 cxd5 11. Ne5 Nc6 12. Nxg6 hxg6 13. c3 Rc8 14. O-O Qd7 15.
f4 f5 16. Bd2 Kf7 17. Rae1 Bd6 18. Qd3 Ne7 19. Re2 Rc6 20. Rfe1 Qc7 21. b3 Rd8
22. Qg3 b5 23. Bf3 Rh8 24. Rg2 Rh6 25. Be2 a6 26. Bd3 Kg8 27. Rge2 fxg4 28.
hxg4 g5 29. Re5 gxf4 30. Bxf4 Bxe5 31. Rxe5 Rh8 32. Bd2 Nc8 33. g5 Nd6 34. g6
Ne8 35. Re3 Nf6 36. Qxc7 Rxc7 37. Rxe6 {Diagrama [#] Ilegible} 0-1

[Event "XLII Abierto Internacional Ciudad de Se"]
[Site "Sevilla (SPAIN)"]
[Date "2017.01.18"]
[Round "6.11"]
[White "Lopez Gonzalez, Daniel"]
[Black "Moroni, Luca Jr"]
[Result "0-1"]
[WhiteElo "2307"]
[BlackElo "2468"]
[PlyCount "80"]
[EventDate "2017.01.13"]

1. d4 e6 2. c4 Nf6 3. Nc3 Bb4 4. e3 O-O 5. Nge2 d5 6. a3 Bd6 7. Ng3 c6 8. Qc2
Nbd7 9. Bd2 dxc4 10. Bxc4 Qc7 11. Nge4 Be7 12. Bd3 h6 13. Rc1 e5 14. h3 Nxe4
15. Nd5 Qd8 16. Nxe7+ Qxe7 17. Bxe4 exd4 18. O-O dxe3 19. Bxe3 Re8 20. Bh7+ Kh8
21. Rfe1 Nf6 22. Bxh6 Qxe1+ 23. Rxe1 Rxe1+ 24. Kh2 gxh6 25. Qc3 Kxh7 26. Qxe1
Be6 27. Qe5 Nd5 28. f4 Re8 29. Qd4 Bf5 30. Qxa7 Re2 31. Qxb7 Kg7 32. Qb8 $19
Be4 33. Kg1 Rxg2+ 34. Kf1 f6 35. a4 Kg6 36. a5 Kf5 37. a6 Nxf4 38. a7 $4 {
Diagrama [#]} Bd3+ 39. Ke1 Re2+ 40. Kd1 Bc2+ 0-1

[Event "XLII Abierto Internacional Ciudad de Se"]
[Site "Sevilla (SPAIN)"]
[Date "2017.01.18"]
[Round "6.12"]
[White "Chetverik, Maxim"]
[Black "Campora, Daniel H"]
[Result "0-1"]
[WhiteElo "2241"]
[BlackElo "2443"]
[PlyCount "94"]
[EventDate "2017.01.13"]

1. d4 Nf6 2. c4 e6 3. Nf3 b6 4. g3 Ba6 5. Qa4 Be7 6. Bg2 O-O 7. Nc3 Bb7 8. O-O
Ne4 9. Nxe4 Bxe4 10. Rd1 d6 11. Ne1 Bxg2 12. Kxg2 Qc8 13. f3 c5 14. Be3 Nd7 15.
Nd3 Qb7 16. dxc5 bxc5 17. Qc2 a5 18. Rab1 Nb8 19. Nf2 f5 20. Nh3 Nc6 21. a3
Rfe8 22. Rd3 Rab8 23. b3 Bf8 24. Bf2 e5 25. Rd5 g6 26. e4 fxe4 27. Qxe4 a4 28.
b4 Nd4 29. b5 Qc8 30. Ng5 Qf5 31. Bxd4 cxd4 32. f4 Rec8 33. Qxf5 gxf5 34. fxe5
dxe5 {Diagrama [#]} 35. Rxe5 Rxc4 36. Rxf5 Bxa3 37. Ne4 d3 38. Nf6+ Kg7 39. Nd7
Rb7 40. Rd5 Rc2+ 41. Kf3 d2 42. Rd1 Bb4 43. Ke2 a3 44. Rf1 Rc1 45. Rg5+ Kh6 46.
Rf6+ Kxg5 47. h4+ Kg4 0-1

[Event "XLII Abierto Internacional Ciudad de Se"]
[Site "Sevilla (SPAIN)"]
[Date "2017.01.18"]
[Round "6.13"]
[White "Harutjunyan, Gevorg"]
[Black "Silva Lucena, Cristian"]
[Result "1/2-1/2"]
[WhiteElo "2437"]
[BlackElo "2254"]
[PlyCount "71"]
[EventDate "2017.01.13"]

1. e4 e5 2. Nf3 Nc6 3. Bc4 Bc5 4. c3 Nf6 5. d3 O-O 6. Bg5 h6 7. Bh4 Be7 8. Nbd2
d6 9. Bb3 Nh5 10. Bxe7 Qxe7 11. Nf1 Be6 12. Ne3 g6 13. g3 Ng7 14. O-O Nd8 15.
d4 exd4 16. Nxd4 Bxb3 17. Qxb3 c6 18. Rae1 Nde6 19. Nxe6 fxe6 20. e5 dxe5 21.
Ng4 Kh7 22. Nxe5 Rad8 23. Re2 Rd5 24. Rfe1 Rfd8 25. h4 Rf8 26. Qc2 Rf5 27. Nxg6
Kxg6 28. g4 Qxh4 29. gxf5+ exf5 30. Re3 Nh5 31. Qe2 Nf4 32. Qf1 Rd2 33. Rg3+
Kf6 34. b3 {Diagrama [#]} Qh5 35. Qc4 Rd1 36. Rxd1 1/2-1/2

[Event "XLII Abierto Internacional Ciudad de Se"]
[Site "Sevilla (SPAIN)"]
[Date "2017.01.18"]
[Round "6.14"]
[White "Anurag, Mhamal"]
[Black "Krockenberger, Martin"]
[Result "1-0"]
[WhiteElo "2423"]
[BlackElo "2219"]
[PlyCount "71"]
[EventDate "2017.01.13"]

1. e4 c5 2. Nf3 d6 3. Bb5+ Bd7 4. Bxd7+ Qxd7 5. O-O Nf6 6. Qe2 Nc6 7. Rd1 e6 8.
d4 cxd4 9. Nxd4 Be7 10. c4 Nxd4 11. Rxd4 Qc6 12. Nc3 O-O 13. b3 a6 14. Ba3 Qb6
15. Rad1 Qa5 16. Nb1 Ne8 17. Qd2 Qh5 18. Rd3 Rc8 19. f4 Rc7 20. Rh3 Qg6 21. Qe2
Nf6 22. Nc3 Rfc8 23. Rdd3 h5 24. Rhg3 Qh6 25. Qf1 b5 26. cxb5 axb5 27. Nxb5 Rc2
28. Nc3 Bf8 29. Qd1 R2xc3 30. Rxc3 Ra8 31. Bxd6 Nxe4 32. Qf3 f5 33. Bxf8 Kxf8
34. Rc7 {Diagrama [#]} Rxa2 35. Qd1 Qf6 36. Rc8+ 1-0

[Event "XLII Abierto Internacional Ciudad de Se"]
[Site "Sevilla (SPAIN)"]
[Date "2017.01.18"]
[Round "6.15"]
[White "Rodriguez Perez, Angel Mariano"]
[Black "Sundararajan, Kidambi"]
[Result "0-1"]
[WhiteElo "2239"]
[BlackElo "2420"]
[PlyCount "64"]
[EventDate "2017.01.13"]

1. e4 e6 2. d4 d5 3. exd5 exd5 4. Bf4 Nf6 5. Nc3 Be7 6. Qd2 O-O 7. O-O-O c6 8.
f3 b5 9. g4 Nbd7 10. Nge2 b4 11. Na4 Qa5 12. b3 Nb6 {Diagrama [#]} 13. Bc7 Ne8
14. Bxb6 axb6 15. c3 Nc7 16. Kb1 Nb5 17. Ka1 bxc3 18. Nexc3 Bb4 19. Rc1 Nxc3
20. Nxc3 c5 21. Rc2 Be6 22. Qd3 c4 23. bxc4 dxc4 24. Qe3 Rfe8 25. Ne4 c3 26. d5
Qxd5 27. Nxc3 Bxc3+ 28. Qxc3 Rxa2+ 29. Kb1 Rxc2 30. Qxc2 Rc8 31. Qa4 b5 32.
Bxb5 Rb8 0-1

[Event "XLII Abierto Internacional Ciudad de Se"]
[Site "Sevilla (SPAIN)"]
[Date "2017.01.18"]
[Round "6.16"]
[White "Lopez Martinez, Josep Manuel"]
[Black "Olivera Gutierrez*, Albert"]
[Result "1-0"]
[WhiteElo "2552"]
[BlackElo "2091"]
[PlyCount "73"]
[EventDate "2017.01.13"]

1. Nf3 Nf6 2. c4 g6 3. Nc3 Bg7 4. e4 d6 5. d4 O-O 6. h3 e5 7. d5 Na6 8. Bg5 Qe8
9. g4 Nc5 10. Nd2 a5 11. Rg1 c6 12. Be2 cxd5 13. cxd5 Bd7 14. a4 Na6 15. Nc4 {
Diagrama [#]} Qe7 16. Be3 Rac8 17. f3 b6 18. Nxb6 Nc5 19. Nxc8 Rxc8 20. Bb5 Ne8
21. Kf1 Bf6 22. Kg2 Ng7 23. Qe2 Bg5 24. Bxd7 Nxd7 25. Rac1 Bxe3 26. Qxe3 Nc5
27. Nb5 Rb8 28. b3 h5 29. Kh2 hxg4 30. fxg4 f5 31. exf5 e4 32. Qd2 Re8 33. fxg6
Nd3 34. Qh6 Nh5 35. Qxh5 Nxc1 36. Nxd6 Rf8 37. Nf7 1-0

[Event "XLII Abierto Internacional Ciudad de Se"]
[Site "Sevilla (SPAIN)"]
[Date "2017.01.18"]
[Round "6.17"]
[White "Alberto, Manuel"]
[Black "Krysa, Leandro"]
[Result "0-1"]
[WhiteElo "2168"]
[BlackElo "2491"]
[PlyCount "56"]
[EventDate "2017.01.13"]

1. e4 e5 2. Nf3 Nc6 3. Bc4 Nf6 4. d3 Be7 5. O-O O-O 6. c3 d6 7. Bb3 Na5 8. Bc2
c5 9. d4 cxd4 10. cxd4 Nc6 11. d5 Nb4 12. Bb3 Bg4 13. h3 Bh5 14. Nc3 a5 15. Be3
{Diagrama [#]} b5 16. Nxb5 Nxe4 17. a3 Na6 18. Na7 Rxa7 19. Bxa7 Ng5 20. Qd3 e4
21. Qxa6 exf3 22. Ba4 fxg2 23. Rfe1 Nf3+ 24. Kxg2 Bh4 25. Be3 Qf6 26. Qd3 Nxe1+
27. Rxe1 Qf3+ 28. Kg1 Bxf2+ 0-1

[Event "XLII Abierto Internacional Ciudad de Se"]
[Site "Sevilla (SPAIN)"]
[Date "2017.01.18"]
[Round "6.18"]
[White "Fernandez Romero, Ernesto"]
[Black "Van Hoolandt, Patrick"]
[Result "1-0"]
[WhiteElo "2473"]
[BlackElo "2167"]
[PlyCount "115"]
[EventDate "2017.01.13"]

1. e4 e5 2. Nf3 Nc6 3. Bb5 Nf6 4. d3 Bc5 5. Bxc6 dxc6 6. Nbd2 Be6 7. O-O Nd7 8.
Nb3 Be7 9. Na5 Rb8 10. Bd2 O-O 11. h3 c5 12. Nc4 Bxc4 13. dxc4 Bf6 14. a4 Qe7
15. a5 Rfd8 16. Qb1 Nf8 17. Bc3 Ne6 18. Re1 Nf4 19. b3 Rd7 20. Qb2 Re8 21. Nh2
Bg5 22. Nf3 Bf6 23. Rad1 Rd6 24. Rb1 Qe6 25. Kh2 h5 26. Bd2 g5 27. Bxf4 gxf4
28. Red1 Red8 29. Rd5 c6 30. Rxd6 Rxd6 31. Qc1 a6 32. Qe1 Qe7 33. Qc3 Kh7 34.
Kg1 Kg6 35. Kf1 Rd8 36. Ke2 Kg7 37. Ne1 Qc7 38. Nd3 Rd4 39. f3 Be7 40. Qe1 h4
41. Rd1 Rd6 42. Ra1 Rg6 43. Kf1 Re6 44. b4 cxb4 45. c5 Bf8 46. Qxb4 Re7 47. Qe1
Qd7 {Diagrama [#]} 48. Ra4 Re6 49. Qxh4 Rh6 50. Qg5+ Rg6 51. Qxe5+ f6 52. Qf5
Qd8 53. Rb4 Rg5 54. Rxb7+ Be7 55. Qd7 Kf8 56. Qxd8+ Bxd8 57. Ra7 Bxa5 58. Rxa6
1-0

[Event "XLII Abierto Internacional Ciudad de Se"]
[Site "Sevilla (SPAIN)"]
[Date "2017.01.18"]
[Round "6.19"]
[White "Alvarez Marquez, Johann Carlos"]
[Black "Esquivias Quintero, Luis Manue"]
[Result "1/2-1/2"]
[WhiteElo "2404"]
[BlackElo "2182"]
[PlyCount "138"]
[EventDate "2017.01.13"]

1. d4 Nf6 2. c4 c5 3. d5 b5 4. cxb5 a6 5. bxa6 g6 6. Nc3 Bg7 7. e4 O-O 8. Nf3
Qb6 9. Be2 Bxa6 10. O-O d6 11. h3 Nbd7 12. Rb1 Rfb8 13. Qc2 Bxe2 14. Qxe2 Ne8
15. Bd2 Qa6 16. Qe3 Nc7 17. a4 Rb3 18. Qg5 Bf6 19. Qg4 Ne5 20. Nxe5 Bxe5 21.
Qd7 Rb7 22. Qc6 Rba7 23. Qxa6 Rxa6 24. b3 Bxc3 25. Bxc3 Rb8 26. Rb2 Rab6 27.
Rfb1 Na6 28. Kf1 Kf8 29. Ke2 e6 30. dxe6 fxe6 31. f4 d5 32. Be5 R8b7 33. exd5
exd5 34. g4 Rb4 35. Kd3 d4 36. Ke4 Kf7 37. Kd5 c4 38. Bxd4 cxb3 39. Be5 Rd7+
40. Kc6 Rd3 41. a5 Rxh3 42. Rd1 Nb8+ 43. Bxb8 Rxb8 44. Rd7+ Kf6 45. Rb7 Ra8 46.
Kb6 Rd3 47. g5+ Kf5 48. Rf7+ Kg4 49. Rf6 Rd7 50. a6 Rda7 51. Kb5 Rb8+ 52. Ka5
Re7 53. Ka4 Re4+ 54. Ka3 Rxf4 55. Rxb3 Ra8 56. Rb4 Rxb4 57. Kxb4 Kxg5 58. Rb6
h5 59. Kc5 h4 60. Kd4 h3 61. Ke3 h2 62. Rb1 Rxa6 63. Kf3 Kh4 64. Kg2 Ra2+ 65.
Kh1 {Diagrama [#]} Rf2 66. Rb4+ Kh5 67. Rh4+ Kg5 68. Rg4+ Kf5 69. Rg5+ Kxg5
1/2-1/2

[Event "XLII Abierto Internacional Ciudad de Se"]
[Site "Sevilla (SPAIN)"]
[Date "2017.01.18"]
[Round "6.20"]
[White "Teran Alvarez, Ismael"]
[Black "Sapale, Saloni"]
[Result "1-0"]
[WhiteElo "2378"]
[BlackElo "2141"]
[PlyCount "71"]
[EventDate "2017.01.13"]

1. e4 c5 2. Nf3 d6 3. d4 Nf6 4. Nc3 cxd4 5. Nxd4 a6 6. h3 g6 7. g4 Bg7 8. Bg2
h5 9. g5 Nfd7 10. O-O Nc6 11. Nde2 O-O 12. a4 Rb8 13. f4 b5 14. axb5 axb5 15.
Kh1 b4 16. Nd5 Bb7 17. f5 Nce5 18. Nef4 Nc5 19. Nxh5 Bxd5 20. exd5 gxh5 21.
Qxh5 b3 22. c3 Rc8 23. Be3 Ncd7 24. Bd4 Re8 25. Be4 Ra8 26. Rac1 Ra4 27. Rg1
Kf8 28. Qh7 {Diagrama [#]} Qb8 29. h4 Ra2 30. h5 Bf6 31. g6 fxg6 32. fxg6 Rc8
33. g7+ Bxg7 34. Rxg7 Ke8 35. Rg8+ Nf8 36. Rxf8+ 1-0

[Event "XLII Abierto Internacional Ciudad de Se"]
[Site "Sevilla (SPAIN)"]
[Date "2017.01.19"]
[Round "7.1"]
[White "Stany, G.A."]
[Black "Karthikeyan, P."]
[Result "1/2-1/2"]
[WhiteElo "2485"]
[BlackElo "2488"]
[PlyCount "69"]
[EventDate "2017.01.13"]

1. e4 c5 2. Nf3 d6 3. d4 cxd4 4. Nxd4 Nf6 5. Nc3 a6 6. Be3 e6 7. f3 b5 8. Qd2
Nbd7 9. O-O-O Bb7 10. g4 Nb6 11. Qf2 Nfd7 12. Kb1 Rc8 13. Nce2 Nc4 14. Bc1 Qc7
15. Ng3 d5 16. exd5 Bxd5 17. Nh5 Qb6 18. Bg2 g6 19. Nf4 Bb7 20. Nd3 Bg7 21. Nb3
Qxf2 22. Nxf2 Nde5 23. Nd4 b4 24. Rhg1 h5 25. g5 Ke7 26. f4 Bxg2 27. Rxg2 Ng4
28. Nxg4 hxg4 29. Ne2 Rcd8 30. Rd3 a5 31. Ng3 a4 32. Bd2 a3 33. b3 Nb2 34. Rxd8
Rxd8 35. Kc1 {Diagrama [#] ilegible} 1/2-1/2

[Event "XLII Abierto Internacional Ciudad de Se"]
[Site "Sevilla (SPAIN)"]
[Date "2017.01.19"]
[Round "7.2"]
[White "Moroni, Luca Jr"]
[Black "Parligras, Mircea"]
[Result "1-0"]
[WhiteElo "2468"]
[BlackElo "2605"]
[PlyCount "59"]
[EventDate "2017.01.13"]

1. c4 e5 2. Nc3 Nf6 3. Nf3 Nc6 4. a3 g6 5. g3 Bg7 6. Bg2 O-O 7. O-O d6 8. d3 h6
9. b4 e4 10. dxe4 Nxe4 11. Nxe4 Bxa1 12. b5 Ne7 13. Bg5 Bg7 14. Bf6 Bf5 15. Qa1
Bxe4 16. Bxg7 Nf5 17. Bf6 Qd7 18. g4 Ne7 19. h3 Kh7 20. Ng5+ hxg5 21. Bxe4 d5
22. cxd5 Ng8 23. Bxg5 $16 Qxb5 24. Bf3 Qd7 25. Rc1 Rac8 26. Qd4 f6 27. Bf4 Ne7
28. Qxa7 g5 29. Bh2 {Diagrama [#]} c6 $2 (29... Qb5 $142 30. Qd4 Qd7 31. Qc4
Kg7 32. Bxc7 {Aunque sigue con ventaja decisiva de las blancas}) 30. Rb1 1-0

[Event "XLII Abierto Internacional Ciudad de Se"]
[Site "Sevilla (SPAIN)"]
[Date "2017.01.19"]
[Round "7.3"]
[White "Santos Latasa, Jaime"]
[Black "Ulybin, Mikhail"]
[Result "1/2-1/2"]
[WhiteElo "2566"]
[BlackElo "2483"]
[PlyCount "95"]
[EventDate "2017.01.13"]

1. d4 e6 2. e4 d5 3. Nc3 Nf6 4. e5 Nfd7 5. f4 c5 6. Nf3 Nc6 7. Be3 Be7 8. Qd2
b6 9. Be2 O-O 10. Nd1 cxd4 11. Nxd4 Nxd4 12. Bxd4 Nb8 13. O-O Nc6 14. c3 Nxd4
15. cxd4 Bd7 16. Rc1 b5 17. Nf2 Qb6 18. Qe3 b4 19. Nd3 Rac8 20. Nc5 Bb5 21.
Bxb5 Qxb5 22. Rc2 Rc6 23. Rfc1 Re8 24. g3 a5 25. b3 h6 26. h4 h5 27. Kg2 g6 28.
Kf2 Bxc5 29. dxc5 a4 30. Qd4 axb3 31. axb3 Ra8 32. Kg2 Ra3 33. Qe3 Qa5 34. Kh3
Qd8 35. Qd3 Qa5 36. Qe3 Ra1 37. Qd4 Ra3 38. Qe3 Ra1 39. Kg2 Qa3 40. Rxa1 Qxa1
41. Qg1 Qa3 42. Qe3 Kf8 43. Qd3 Qa5 44. Qd4 Qa3 45. Qd3 Qa5 46. Qd4 Qa3 47. Qd3
Qa5 48. Qd4 {Diagrama [#]} 1/2-1/2

[Event "XLII Abierto Internacional Ciudad de Se"]
[Site "Sevilla (SPAIN)"]
[Date "2017.01.19"]
[Round "7.4"]
[White "Saric, Ante"]
[Black "Basso, Pier Luigi"]
[Result "1/2-1/2"]
[WhiteElo "2542"]
[BlackElo "2448"]
[PlyCount "62"]
[EventDate "2017.01.13"]

1. c4 e6 2. g3 d5 3. Nf3 Nf6 4. Bg2 Be7 5. d4 O-O 6. O-O dxc4 7. Qc2 a6 8. a4
c5 9. dxc5 Bxc5 10. Nbd2 b5 11. Ng5 Ra7 12. Nde4 Nxe4 13. Qxe4 f5 14. Qe5 Qb6
15. Bf4 Nc6 16. a5 Nxa5 17. Rxa5 h6 18. Nh3 Bd4 19. Qd6 Qxd6 20. Bxd6 Rd8 21.
Bb8 Rf7 22. Rd1 Rff8 23. Bc7 Rd7 24. Ra2 Bxf2+ 25. Nxf2 Rxc7 26. Kf1 Kf7 27.
Ke1 Ke7 28. Rc1 Rd7 29. b3 cxb3 30. Ra3 b2 31. Rb1 e5 {Diagrama [#] ilegible}
1/2-1/2

[Event "XLII Abierto Internacional Ciudad de Se"]
[Site "Sevilla (SPAIN)"]
[Date "2017.01.19"]
[Round "7.5"]
[White "Campora, Daniel H"]
[Black "Kogan, Arthur"]
[Result "1/2-1/2"]
[WhiteElo "2443"]
[BlackElo "2530"]
[PlyCount "32"]
[EventDate "2017.01.13"]

1. e4 c5 2. Nf3 e6 3. d4 cxd4 4. Nxd4 Nc6 5. Nc3 Qc7 6. g3 a6 7. Bg2 h5 8. Nf3
Be7 9. O-O d6 10. a4 Bd7 11. h3 Bf6 12. Ra3 Ne5 13. Nxe5 dxe5 14. Na2 Be7 15.
Rc3 Qa5 16. b3 b5 {Diagrama [#]} 1/2-1/2

[Event "XLII Abierto Internacional Ciudad de Se"]
[Site "Sevilla (SPAIN)"]
[Date "2017.01.19"]
[Round "7.6"]
[White "Burmakin, Vladimir"]
[Black "Anurag, Mhamal"]
[Result "1/2-1/2"]
[WhiteElo "2526"]
[BlackElo "2423"]
[PlyCount "61"]
[EventDate "2017.01.13"]

1. d4 Nf6 2. Nf3 g6 3. Bf4 Bg7 4. e3 O-O 5. Be2 d6 6. O-O b6 7. h3 Bb7 8. a4 a6
9. c3 Nbd7 10. Bh2 c5 11. Qb3 Ra7 12. Rc1 Qa8 13. Nbd2 Bh6 14. Rd1 cxd4 15.
exd4 Nd5 16. Ne1 Nf4 17. Bf3 Rb8 18. Bxb7 Qxb7 19. Bxf4 Bxf4 20. Nd3 Bh6 21. a5
Qc7 22. Nc4 b5 23. Nd2 e6 24. d5 e5 25. Nb4 Re8 26. Qc2 Raa8 27. Re1 f5 28. Nb3
Qc4 29. Nd2 Qc5 30. Nb3 Qc4 31. Nd2 {Diagrama [#]} 1/2-1/2

[Event "XLII Abierto Internacional Ciudad de Se"]
[Site "Sevilla (SPAIN)"]
[Date "2017.01.19"]
[Round "7.7"]
[White "Lemos, Damian"]
[Black "Sundararajan, Kidambi"]
[Result "1/2-1/2"]
[WhiteElo "2516"]
[BlackElo "2420"]
[PlyCount "49"]
[EventDate "2017.01.13"]

1. d4 Nf6 2. Nf3 b6 3. c4 Bb7 4. Nc3 e6 5. a3 d5 6. Bg5 Be7 7. Bxf6 Bxf6 8.
cxd5 exd5 9. g3 O-O 10. Bg2 Re8 11. O-O Nd7 12. Rc1 c5 13. e3 a6 14. b4 Rc8 15.
dxc5 bxc5 16. Nxd5 Bb2 17. Rb1 Bxa3 18. bxc5 Nxc5 19. Nb6 Qxd1 20. Rfxd1 Rcd8
21. Rxd8 Rxd8 22. Nd4 Bxg2 23. Kxg2 Ne4 24. Ra1 Bf8 25. Nc4 {Diagrama [#]}
1/2-1/2